000 01348nam a22004817a 4500
005 20250818145751.0
008 230223b2022 |||||||| |||| 00| 0 spa d
020 _a9789587923247
041 _aESP
082 _a338.5 R397m
100 _aRendón Vélez, Jorge Alberto
_967131
245 _aMicroeconomía: fundamentos teóricos, matemáticos y aplicaciones
260 _aColombia
260 _bEdiciones de la U
260 _c2022
300 _a364 páginas
490 _aDirección y Administración de Empresas
650 _aMICROECONOMÍA
650 _aECONOMÍA
650 _aMATEMÁTICA
650 _aCOMPORTAMIENTO DE MERCADO
650 _aFUNCIONES
650 _aECUACIONES
650 _aTEORÍAS ECONÓMICAS
650 _aDERIVADAS
650 _aTEOREMA DE LA ENVOLVENTE
650 _aELASTICIDAD
650 _aCURVA DE ENGEL
650 _aTEOREMA DE EULER
650 _aTEORÍA DEL CONSUMIDOR
650 _aUTILIDAD
650 _aTEORÍA DE LA PRODUCCIÓN
650 _aTEORÍA DEL COSTO
650 _aSENDERO DE EXPANSIÓN DE LA FIRMA
650 _aCOMPETENCIA PERFECTA
650 _aMONOPOLIO
650 _aOLIGOPOLIO
650 _aCOMPETENCIA MONOPOLÍSTICA
650 _aMODELO DE COURNOT
650 _aMODELO DE BERTRAND
650 _aMODELO DE STACKELBERG
942 _cBK
_2ddc
999 _c13456
_d13456